Vấn đề con người trong các học thuyết triết học Trung Quốc cổ đại
Nội dung cuốn sách nghiên cứu vấn đề con người trong các học thuyết Trung Quốc cổ đại và một số ảnh hưởng của chúng trong nền văn hoá Việt Nam.
Сохранить в:
| Главный автор: | |
|---|---|
| Формат: | |
| Язык: | Undetermined |
| Опубликовано: |
Hà Nội
Chính trị Quốc gia - Sự thật
2014
|
| Предметы: | |
| Метки: |
Добавить метку
Нет меток, Требуется 1-ая метка записи!
|
| Thư viện lưu trữ: | Trung tâm Học liệu Trường Đại học Cần Thơ |
|---|
| LEADER | 00886nam a2200205Ia 4500 | ||
|---|---|---|---|
| 001 | CTU_207770 | ||
| 008 | 210402s9999 xx 000 0 und d | ||
| 020 | |c 32000 | ||
| 082 | |a 181.11 | ||
| 082 | |b C513 | ||
| 100 | |a Cung, Thị Ngọc | ||
| 245 | 0 | |a Vấn đề con người trong các học thuyết triết học Trung Quốc cổ đại | |
| 245 | 0 | |c Cung Thị Ngọc | |
| 260 | |a Hà Nội | ||
| 260 | |b Chính trị Quốc gia - Sự thật | ||
| 260 | |c 2014 | ||
| 520 | |a Nội dung cuốn sách nghiên cứu vấn đề con người trong các học thuyết Trung Quốc cổ đại và một số ảnh hưởng của chúng trong nền văn hoá Việt Nam. | ||
| 650 | |a Triết học Trung Quốc,Philosophy, Chinese | ||
| 904 | |i Qhieu | ||
| 980 | |a Trung tâm Học liệu Trường Đại học Cần Thơ | ||